01097nam a2200205 a 4500020002700000020003000027082001700057245003600074250001200110260004300122300001300165520044000178650003600618700001900654700002100673856007000694942000800764999001300772952010600785 a0471597694 (hardcover) a9780471597698 (hardcover) a543.0858 LAS10aLaser techniques in chemistry / a1st ed. aNew JerseybWiley-Interscience,c1995. a448 p. ; aTen diverse laser spectroscopic techniques are described by one or more of their leading practitioners. Every chapter discusses how the particular spectroscopy performed experimentally and/or interpretively, the types of systems which apply to it and the information that can be learned from its use. Features several speculations of possible further developments and extensions of the methods which may be expected in the near future. achemistryachemistry techniques1 aMyers, Anne B.1 aRizzo, Thomas R.40uhttp://www.amazon.com/exec/obidos/ASIN/0471597694/chopaconline-20 cREF c368d368 0010708NFICaICbICcGENd2015-03-04l0o543.0858 LASp000534r2015-03-04 00:00:00w2015-03-04yREF